|
|
|
|
| LEADER |
00733nam a2200181 i 4500 |
| 001 |
misc57996 |
| 005 |
20210602184228.0 |
| 008 |
210602s1928 hu o 0|| hun d |
| 040 |
|
|
|a SZTE Miscellanea Repozitórium
|b hun
|
| 041 |
|
|
|a hun
|
| 245 |
0 |
0 |
|a Szeged szab. kir. város házipénztárának, a város kezelése alatt álló alapok, alapitványok és városi üzemek 1927. évi zárószámadása
|h [elektronikus dokumentum]
|
| 260 |
|
|
|a Városi nyomda és Könyvkiadó
|b Szeged, Magyarország
|c 1928
|
| 300 |
|
|
|a 141 p.
|c 31 cm
|
| 650 |
|
4 |
|a Társadalomtudományok
|
| 650 |
|
4 |
|a Politikatudomány
|
| 650 |
|
4 |
|a Közigazgatás
|
| 695 |
|
|
|a Pénzügy - Szeged - 1927
|
| 856 |
4 |
0 |
|u http://misc.bibl.u-szeged.hu/57996/1/d_3290.pdf
|z Dokumentum-elérés
|